Statistics for NFL Free Agency 2019

Click here to take the quiz!

General Stats

  • This quiz has been taken 434 times
    (407 since last reset)
  • The average score is 19 of 43

Answer Stats

POOld TeamTransactionNew TeamAnswer% Correct
WRSteelersTradeRaidersAntonio Brown
96%
RBSaintsSignRavensMark Ingram II
84%
QBEaglesSignJaguarsNick Foles
76%
FSSeahawksSignRavensEarl Thomas
74%
WRGiantsTradeBrownsOdell Beckham Jr
73%
RBSteelersSignJetsLe'Veon Bell
70%
RBChiefsSignBrownsKareem Hunt
64%
QBJaguarsSignRamsBlake Bortles
62%
QBRavensTradeBroncosJoe Flacco
62%
WRBucsTradeEaglesDeSean Jackson
60%
SSTexansSignChiefsTyrann Mathieu
59%
DEDolphinsSignTitansCameron Wake
54%
FSBrownsTradeGiantsJabrill Peppers
54%
DEChiefsTrade49ersDee Ford
52%
FSRavensSignRamsEric Weddle
52%
RBFalconsSign49ersTevin Coleman
50%
QBBrownsSignChargersTyrod Taylor
50%
FSGiantsSignRedskinsLandon Collins
48%
OLBRavensSignCardinalsTerrell Suggs
46%
QBDolphinsTradeTitansRyan Tannehill
44%
QBBroncosTradeRedskinsCase Keenum
43%
WRBucsSignTitansAdam Humphries
42%
DEPatriotsSignLionsTrey Flowers
40%
ILBRavensSignJetsCJ Mosley
38%
DTVikingsSignBrownsSheldon Richardson
38%
RBBearsTradeEaglesJordan Howard
36%
FSRamsSignRaidersLaMarcus Joyner
35%
QBBucsSignDolphinsRyan Fitzpatrick
34%
WRDolphinsSignLionsDanny Amendola
32%
RBVikingsSignSaintsLatavius Murray
32%
ILBBucsSign49ersKwon Alexander
31%
OLBPackersSignRamsClay Matthews
30%
RBDolphinsSignBillsFrank Gore
30%
RBJaguarsSignChiefsCarlos Hyde
28%
WREaglesSignGiantsGolden Tate III
28%
DEEaglesTradePatriotsMichael Bennett
27%
FSRedskinsSignBearsHa Ha Clinton-Dix
24%
TERaidersSignSaintsJared Cook
24%
DTJaguarsSignEaglesMalik Jackson
23%
RBJetsSignRaidersIsaiah Crowell
14%
DEDolphinsTradeCowboysRobert Quinn
13%
DEGiantsTradeBrownsVernon Oliver
9%
DERaidersSignPanthersBruce Irvin
6%

Score Distribution

Percentile by Number Answered

Percent of People with Each Score

Your Score History

You have not taken this quiz since the last reset